000 00603nam a22001937a 4500
999 _c17241
_d17241
003 AR-CdUCM
008 190507b ||||| |||| 00| 0 spa d
040 _aMUNICIPALIDAD PROVINCIAL DEL CUSCO
_cBIBLIOTECA MUNICIPAL DEL CUSCO
082 _a920 /
_bC26
100 _aCardenas, Eduardo
_932388
245 _a20.000 biografías breves /
260 _aNew York :
_bImpr. Nuevo Mundo,
_c1963.
300 _a895 paginas ;
_c22 cm.
505 _aContenido :Diccionario biográfico universal /
650 _aDiccionario universal
_918469
650 _aBiografía
_922
942 _2ddc
_cLIBROS
945 _arcc